التكنولوجيا والمسرح / (Record no. 29550)

MARC details
000 -الفاتح
حقل البيانات ثابتة الطول 01785nam a22003977a 4500
003 - محدد رقم الضبط
رقم الضبط EG-ScBUE
005 - وقت وتاريخ اخر تعامل مع التسجيلة
رقم الضبط 20211004140914.0
008 - عناصر البيانات ثابتة الطول - معلومات عامة
حقل البيانات ثابتة الطول 210930s2007 ua f b 000 0 ara d
017 ## - رقم الإيداع القانونى
رقم الإيداع القانونى 2007/21617
020 ## - الرقم الدولى المعيارى للكتب
الرقم الدولى المعيارى للكتاب 9774374924
040 ## - مصدر الفهرسة
وكالة الفهرسة الأصلية EG-ScBUE
لغة الفهرسة ara
قواعد الوصف rda
وكالة النسخ EG-ScBUE
وكالة التعديل EG-ScBUE
041 1# - رمز اللغة
رمز لغة النص/ المسارات الصوتية أو العنوان الانفرادي ara
رمز لغة الترجمات و/او الاصلية المتوسطة للنص spa
082 04 - رقم تصنيف ديوى العشرى
رقم التصنيف ‪792.025
رقم المادة د ي ي
رقم الطبعة 22
100 1# - المدخل الرئيسى - إسم شخصى
الإسم الشخصى دييغو، روسا دي،
الدور مؤلف.
240 10 - العنوان الموحد
عنوان موحد Maquina escenica : drama, espacio, tecnologia.
لغة العمل Arabic
245 12 - بيان العنوان
العنوان التكنولوجيا والمسرح /
بيان المسئوليه,etc تأليف روسا دي دييغو، ليديا باثكيث ؛ ترجمة وتقديم د. خالد سالم ؛ أ. د. مراجعة سليمان العطار.
264 #1 - النشر، التوزيع
مكان الناشر او الموزع [القاهرة] :
اسم الناشر او الموزع وزارة الثقافة، مهرجان القاهرة الدولي للمسرح التجريبي،
تاريخ النشر أو التوزيع [2007]
300 ## - الوصف المادى
التعداد 319 صفحة ؛
أبعاد الوعاء 25 سم
336 ## - نوع المحتوى
source rdacontent
Carrier Type Term نص
Content Type Code txt
337 ## - نوع الوسيط
source rdamedia
Media Type Term بدون وسيط
Media Type Code n
338 ## - نوع الحامل أو الناقل
source rdacarrier
Carrier Type Term مجلد
Carrier Type Code nc
490 0# - بيان السلسلة
عنوان السلسلة ألف باء
504 ## - تبصرة ببليوجرافية
تبصرة ببليوجرافية,الخ يشتمل على إرجاعات ببليوجرافية.
541 ## - تبصرة المصدر المباشر للتزويد
طريقة التزويد Donation.
546 ## - تبصرة اللغة
تبصرة اللغة النص باللغة العربية وتم ترجمته من اللغة الإسبانية.
650 #7 - المدخل الاضافى بالموضوع-مصطلح موضوعى
مصطلح موضوعي أو اسم جغرافي كعنصر مدخل المسارح
التقسيم الفرعي العام ‪إلكترونيات وضبط الصوت.
مصدر الرأس أو المصطلح BUEsh
9 (RLIN) 17468
650 #7 - المدخل الاضافى بالموضوع-مصطلح موضوعى
مصطلح موضوعي أو اسم جغرافي كعنصر مدخل المسارح
التقسيم الفرعي العام ‪تصميم.
مصدر الرأس أو المصطلح BUEsh
9 (RLIN) 17468
650 #7 - المدخل الاضافى بالموضوع-مصطلح موضوعى
مصطلح موضوعي أو اسم جغرافي كعنصر مدخل المسرح
التقسيم الفرعي العام ‪تجهيز.
مصدر الرأس أو المصطلح BUEsh
650 #7 - المدخل الاضافى بالموضوع-مصطلح موضوعى
مصطلح موضوعي أو اسم جغرافي كعنصر مدخل المسرح
التقسيم الفرعي العام ‪الطرق الفنية.
مصدر الرأس أو المصطلح BUEsh
653 #7 - مصطلح تكشيفى غير مقيد
مصطلح غير مقيد BUEsh
Resource For college Generalities
Arrived date list September2021
655 #7 - مصطلح تكشيفى-نوع/شكل
مصدر المصطلح BUEsh
التقسيم الفرعي الشكلي Reading book
-- 34232
700 1# - المدخل الاضافى - اسم شخصى
الإسم الشخصى باثكيث، ليديا،
الدور مؤلف.
700 1# - المدخل الاضافى - اسم شخصى
الإسم الشخصى ‪سالم، خالد،
الدور مترجم.
-- مقدم.
700 1# - المدخل الاضافى - اسم شخصى
الإسم الشخصى العطار، سليمان،
الدور مراجع.
942 ## - عناصر المدخل الإضافي( كوها)
مصدر التصنيف او مخطط الترفيف Dewey Decimal Classification
Holdings
حالة التراجع حالة الفقد مصدر التصنيف او خطة الترفيف حالة تلف ليس للاعارة مجموعات كوها المكان الدائم المكان الحالي موقع الترفيف تاريخ الاكتساب Source of acquisition رقم الاستدعاء الباركود Date last seen نوع الوعاء
    Dewey Decimal Classification     Donation-Gift Central Library Central Library Second Floor 30/09/2021 Donation ‪792.025 د ي ي 000050791 15/07/2025 Book - Borrowing